[Event "Titled Tuesday intern op 11th Jun Early"]
[White "Olivares Olivares, Claudio"]
[Black "Devaev, Alexander"]
[Site "Chess.com INT"]
[Round "6"]
[Result "0-1"]
[Date "2024.06.11"]
[WhiteElo "2287"]
[BlackElo "2325"]
[PlyCount "50"]
[EventDate "2024.06.11"]
[EventType "swiss (blitz)"]
[EventRounds "11"]
[EventCountry "USA"]
[SourceTitle "EXT 2025"]
[Source "ChessBase"]
[SourceDate "2024.10.14"]
[SourceVersion "1"]
[SourceVersionDate "2024.10.14"]
[SourceQuality "1"]

1. e4 c6 2. d4 d5 3. exd5 cxd5 4. Bd3 Nc6 5. c3 Qc7 6. h3 Nf6 7. Nf3 g6 8. 0-0 Bf5 9. Bxf5 gxf5 10. Re1 e6 11. Nbd2 Bd6 12. Nf1 Rg8 13. a4 Ne4 14. Be3 Rg7 15. a5 Ke7 16. a6 b6 17. c4 Rag8 18. Nh4 dxc4 19. d5 Nb4 20. dxe6 fxe6 21. f3 Bg3 22. Qa4 Nd3 23. Qa3+ Kf7 24. Nxf5 exf5 25. Bd4 Be5 0-1

[Event "Titled Tuesday intern op 11th Jun Early"]
[White "Olivares Olivares, Claudio"]
[Black "Enkhrii, Enkh Amgalan"]
[Site "Chess.com INT"]
[Round "10"]
[Result "0-1"]
[Date "2024.06.11"]
[WhiteElo "2287"]
[BlackElo "1942"]
[PlyCount "76"]
[EventDate "2024.06.11"]
[EventType "swiss (blitz)"]
[EventRounds "11"]
[EventCountry "USA"]
[SourceTitle "EXT 2025"]
[Source "ChessBase"]
[SourceDate "2024.10.14"]
[SourceVersion "1"]
[SourceVersionDate "2024.10.14"]
[SourceQuality "1"]

1. e4 e5 2. f4 exf4 3. Nf3 g5 4. Bc4 Bg7 5. d4 d6 6. c3 h6 7. 0-0 Ne7 8. b4 Nbc6 9. Qb3 0-0 10. a4 Kh8 11. a5 a6 12. h3 f5 13. Nbd2 fxe4 14. Nh2 d5 15. Be2 Nf5 16. Bg4 Ne3 17. Re1 Nxg4 18. hxg4 Nxd4 19. Qd1 Nb5 20. Bb2 Nxc3 21. Qb3 Qf6 22. Rac1 Ne2+ 23. Rxe2 Qxb2 24. Qd1 c6 25. Nxe4 Qd4+ 26. Nf2 Qxd1+ 27. Rxd1 Bf6 28. Nf3 Bd7 29. Ne5 Bxe5 30. Rxe5 Rae8 31. Rde1 Rxe5 32. Rxe5 Re8 33. Rxe8+ Bxe8 34. Kf1 Bg6 35. Ke2 Kg7 36. Kd2 Kf6 37. Nd1 Ke5 38. Nc3 Be4 0-1

[Event "Titled Tuesday intern op 11th Jun Early"]
[White "Olivares Olivares, Claudio"]
[Black "Essing, Arnold"]
[Site "Chess.com INT"]
[Round "11"]
[Result "1/2-1/2"]
[Date "2024.06.11"]
[WhiteElo "2287"]
[BlackElo "2230"]
[PlyCount "100"]
[EventDate "2024.06.11"]
[EventType "swiss (blitz)"]
[EventRounds "11"]
[EventCountry "USA"]
[SourceTitle "EXT 2025"]
[Source "ChessBase"]
[SourceDate "2024.10.14"]
[SourceVersion "1"]
[SourceVersionDate "2024.10.14"]
[SourceQuality "1"]

1. e4 Nf6 2. Nc3 e5 3. f4 d5 4. exd5 exf4 5. Nf3 Bd6 6. Bc4 0-0 7. 0-0 c6 8. dxc6 Nxc6 9. d4 Bg4 10. Ne2 Qc7 11. Bb3 Na5 12. Qd3 Nxb3 13. axb3 Rfe8 14. Bd2 Nd5 15. h3 Bh5 16. c4 Ne3 17. Rf2 Bg6 18. Qc3 Nc2 19. Rc1 Bb4 20. Qxb4 Nxb4 21. Bxb4 Qb6 22. Bc3 Qxb3 23. c5 Be4 24. Ne5 g5 25. Ng4 Re6 26. d5 Qxd5 27. Nf6+ Rxf6 28. Bxf6 Rc8 29. Nc3 Qf5 30. Bd4 Qg6 31. Re1 f5 32. b4 a6 33. Rfe2 Rd8 34. Be5 Qc6 35. Nxe4 fxe4 36. Rxe4 a5 37. Bd6 axb4 38. Re5 h6 39. Re6 Qd5 40. Rg6+ Kh7 41. Ree6 b3 42. Rxh6+ Kg7 43. Rhg6+ Kh7 44. Rh6+ Kg7 45. Reg6+ Kf7 46. Rf6+ Kg7 47. Rhg6+ Kh7 48. Rh6+ Kg7 49. Rhg6+ Kh7 50. Rh6+ Kg7 1/2-1/2

[Event "Titled Tuesday intern op 11th Jun Early"]
[White "Olivares Olivares, Claudio"]
[Black "Weisz, Bryan"]
[Site "Chess.com INT"]
[Round "4"]
[Result "0-1"]
[Date "2024.06.11"]
[WhiteElo "2287"]
[BlackElo "2003"]
[PlyCount "68"]
[EventDate "2024.06.11"]
[EventType "swiss (blitz)"]
[EventRounds "11"]
[EventCountry "USA"]
[SourceTitle "EXT 2025"]
[Source "ChessBase"]
[SourceDate "2024.10.14"]
[SourceVersion "1"]
[SourceVersionDate "2024.10.14"]
[SourceQuality "1"]

1. e4 e6 2. d4 d5 3. Nd2 Bd6 4. e5 Be7 5. Bd3 c5 6. c3 Nc6 7. Ne2 Nh6 8. 0-0 cxd4 9. cxd4 Nf5 10. Nf3 g5 11. Bc2 g4 12. Ne1 Qb6 13. Bxf5 exf5 14. Nc2 Be6 15. Nf4 0-0-0 16. Rb1 Kb8 17. b4 h5 18. a4 a5 19. bxa5 Qxa5 20. Na3 h4 21. Rb5 Qc7 22. Qb3 Nxd4 23. Qb1 Nxb5 24. Nxb5 Qd7 25. Be3 Rc8 26. Qe1 Qc6 27. Nxe6 fxe6 28. Qa5 Qa6 29. Ba7+ Ka8 30. Nc7+ Rxc7 31. Qxc7 Bd8 32. Qc8+ Kxa7 33. Rb1 g3 34. fxg3 Bb6+ 0-1

[Event "CHI-ch"]
[White "Olivares Olivares, Claudio"]
[Black "Salinas Herrera, Pablo Patricio"]
[Site "Santiago de Chile"]
[Round "11"]
[Result "0-1"]
[Date "2024.02.26"]
[WhiteElo "2274"]
[BlackElo "2483"]
[PlyCount "82"]
[EventDate "2024.02.19"]
[EventType "swiss"]
[EventRounds "11"]
[EventCountry "CHI"]
[SourceTitle "CBM 218 Extra"]
[Source "ChessBase"]
[SourceDate "2024.03.31"]
[SourceVersion "1"]
[SourceVersionDate "2024.03.31"]
[SourceQuality "1"]

1. e4 e5 2. Nf3 Nc6 3. Bb5 a6 4. Ba4 Nf6 5. d3 d6 6. c4 Be7 7. Nc3 0-0 8. h3 Nd7 9. Be3 Kh8 10. 0-0 Bf6 11. Nd5 Ne7 12. Nxf6 Nxf6 13. Nh4 Nc6 14. Nf5 Bxf5 15. exf5 Nd4 16. Bxd4 exd4 17. Qf3 c6 18. Qf4 Qa5 19. Bd1 Qc5 20. Bf3 a5 21. g4 Nd7 22. Be4 Rfe8 23. a3 a4 24. Kh1 Qe5 25. Qd2 Nc5 26. Rae1 Qf6 27. g5 Qd8 28. Rg1 f6 29. h4 Rf8 30. g6 h6 31. Bf3 Qd7 32. Bg4 d5 33. cxd5 Qxd5+ 34. Kh2 Rfe8 35. f4 Kg8 36. Kg3 Qb3 37. Bd1 Qxd3+ 38. Qxd3 Nxd3 39. Rxe8+ Rxe8 40. Bxa4 Re3+ 41. Kh2 Nxb2 0-1

[Event "CHI-ch"]
[White "Tapia Fuentes, Jaime"]
[Black "Olivares Olivares, Claudio"]
[Site "Santiago de Chile"]
[Round "6"]
[Result "0-1"]
[Date "2024.02.22"]
[WhiteElo "2183"]
[BlackElo "2274"]
[PlyCount "104"]
[EventDate "2024.02.19"]
[EventType "swiss"]
[EventRounds "11"]
[EventCountry "CHI"]
[SourceTitle "CBM 218 Extra"]
[Source "ChessBase"]
[SourceDate "2024.03.31"]
[SourceVersion "1"]
[SourceVersionDate "2024.03.31"]
[SourceQuality "1"]

1. d4 Nf6 2. c4 e6 3. Nc3 Bb4 4. Qc2 c5 5. dxc5 Na6 6. Bd2 Nxc5 7. e3 0-0 8. Nf3 b6 9. Be2 Bb7 10. 0-0 d6 11. Rfd1 Qe7 12. a3 Bxc3 13. Bxc3 Be4 14. Bxf6 Qxf6 15. Qc3 Qxc3 16. bxc3 Rfd8 17. Nd4 Kf8 18. f3 Bb7 19. a4 g6 20. a5 e5 21. axb6 exd4 22. cxd4 Na6 23. bxa7 Rxa7 24. Rdb1 Rda8 25. Kf2 Nc7 26. Rxa7 Rxa7 27. Rb2 h5 28. h4 Ne6 29. Bd3 Ke7 30. g4 Ng7 31. Be2 Bc8 32. Rb8 Rc7 33. Rb4 Be6 34. Ra4 Rb7 35. Ra2 Rc7 36. Ra4 Ne8 37. gxh5 gxh5 38. Kg3 Ng7 39. e4 Rb7 40. Ra2 Bd7 41. Kf2 Ne6 42. Ke3 Rb1 43. Ra5 Ng7 44. Rg5 Kf8 45. Rd5 Rb3+ 46. Kf2 Ke7 47. Kg3 Bc6 48. Rg5 Ne6 49. Rxh5 Nxd4 50. c5 Nxe2+ 51. Kf2 Nd4 52. cxd6+ Kxd6 0-1

[Event "CHI-ch"]
[White "Olivares Olivares, Claudio"]
[Black "Montero Martinez, Cristian"]
[Site "Santiago de Chile"]
[Round "3"]
[Result "1/2-1/2"]
[Date "2024.02.20"]
[WhiteElo "2274"]
[BlackElo "2054"]
[PlyCount "173"]
[EventDate "2024.02.19"]
[EventType "swiss"]
[EventRounds "11"]
[EventCountry "CHI"]
[SourceTitle "CBM 218 Extra"]
[Source "ChessBase"]
[SourceDate "2024.03.31"]
[SourceVersion "1"]
[SourceVersionDate "2024.03.31"]
[SourceQuality "1"]

1. e4 d6 2. d4 Nf6 3. Nc3 e5 4. Nf3 exd4 5. Nxd4 Be7 6. Qf3 0-0 7. Nf5 Bxf5 8. Qxf5 Nc6 9. Be3 Re8 10. Bd3 Nb4 11. h3 Nxd3+ 12. cxd3 c6 13. 0-0 d5 14. e5 d4 15. exf6 Bxf6 16. Ne4 dxe3 17. fxe3 Qe7 18. Rf2 Rad8 19. Raf1 Rd5 20. Nxf6+ gxf6 21. Qxf6 Qxf6 22. Rxf6 Rxe3 23. Rxf7 Rb5 24. b3 Rxd3 25. Rc7 Rd2 26. Rf2 Rxf2 27. Kxf2 a5 28. Ke3 a4 29. bxa4 Rb2 30. Kf3 Rxa2 31. Rxb7 Rxa4 32. Rc7 Rc4 33. g3 h5 34. Re7 h4 35. g4 Rc3+ 36. Re3 Rc4 37. Re4 Rc3+ 38. Re3 Rc4 39. Re6 Kg7 40. Rd6 Rc3+ 41. Kf4 c5 42. Rc6 Rxh3 43. Rxc5 Rh1 44. Kg5 h3 45. Rc7+ Kf8 46. Rh7 h2 47. Rh3 Kg7 48. Kh5 Kh7 49. Kg5+ Kg7 50. Rh4 Kg8 51. Rh6 Kg7 52. Rh3 Ra1 53. Rxh2 Ra5+ 54. Kh4 Ra6 55. Rb2 Kg6 56. Rb8 Rc6 57. Rg8+ Kf7 58. Rg5 Rc1 59. Ra5 Rc6 60. Kh5 Kg7 61. Ra7+ Kg8 62. g5 Rb6 63. Ra2 Rc6 64. Rf2 Kg7 65. Rf5 Ra6 66. Rb5 Rc6 67. Rb7+ Kg8 68. Re7 Ra6 69. Kg4 Kf8 70. Re5 Kg7 71. Kf5 Rb6 72. Re7+ Kg8 73. Ra7 Rc6 74. Ra1 Rb6 75. Kg4 Kg7 76. Kh5 Kg8 77. Ra7 Rc6 78. Ra5 Rb6 79. g6 Rb1 80. Kg5 Rg1+ 81. Kf6 Rf1+ 82. Rf5 Rxf5+ 83. Kxf5 Kg7 84. Kg5 Kg8 85. Kf6 Kf8 86. g7+ Kg8 87. Kg6 1/2-1/2

[Event "Titled Tuesday intern op 08th Aug Late"]
[White "Olivares Olivares, Claudio"]
[Black "Suleymanli, Aydin Elshan"]
[Site "Chess.com INT"]
[Round "1"]
[Result "0-1"]
[Date "2023.08.08"]
[WhiteElo "2307"]
[BlackElo "2586"]
[PlyCount "76"]
[EventDate "2023.08.08"]
[EventType "swiss (blitz)"]
[EventRounds "11"]
[EventCountry "USA"]
[SourceTitle "EXT 2024"]
[Source "ChessBase"]
[SourceDate "2023.10.10"]
[SourceVersion "1"]
[SourceVersionDate "2023.10.10"]
[SourceQuality "1"]

1. e4 c5 2. Nf3 e6 3. d4 cxd4 4. Nxd4 Nf6 5. Bd3 Nc6 6. Nxc6 bxc6 7. 0-0 d5 8. e5 Nd7 9. Re1 a5 10. Qg4 h5 11. Qg3 Nc5 12. Bg5 Qc7 13. Nd2 Nxd3 14. cxd3 a4 15. Rac1 c5 16. Rc2 Bd7 17. h4 Rb8 18. Qf4 Qa5 19. Re3 Rb4 20. Nc4 Qa7 21. a3 Rb7 22. Nd6+ Bxd6 23. exd6 f6 24. Bxf6 Rf8 25. Qg5 gxf6 26. Qxd5 Kd8 27. Qxh5 Qb6 28. Rxc5 e5 29. Rc2 Qxd6 30. Qf3 Rb6 31. h5 Rc6 32. Ree2 Rg8 33. h6 Rh8 34. Qh5 Qxd3 35. Rxc6 Qd1+ 36. Kh2 Bxc6 37. Qf7 Rxh6+ 38. Kg3 Qd3+ 0-1

[Event "Titled Tuesday intern op 11th Jul Late"]
[White "Olivares Olivares, Claudio"]
[Black "Lenoir Ibacache, Gabriel Alberto"]
[Site "Chess.com INT"]
[Round "5"]
[Result "0-1"]
[Date "2023.07.11"]
[WhiteElo "2307"]
[BlackElo "2225"]
[PlyCount "62"]
[EventDate "2023.07.11"]
[EventType "swiss (blitz)"]
[EventRounds "11"]
[EventCountry "USA"]
[SourceTitle "EXT 2024"]
[Source "ChessBase"]
[SourceDate "2023.10.10"]
[SourceVersion "1"]
[SourceVersionDate "2023.10.10"]
[SourceQuality "1"]

1. e4 c5 2. Nf3 d6 3. d4 cxd4 4. Nxd4 Nf6 5. Nc3 a6 6. Be3 e5 7. Nf3 h6 8. Bc4 Be7 9. Bb3 Be6 10. 0-0 0-0 11. Nh4 Nc6 12. Nf5 Bxf5 13. exf5 Rc8 14. f4 Na5 15. fxe5 dxe5 16. Qxd8 Rfxd8 17. Bb6 Nxb3 18. axb3 Bc5+ 19. Bxc5 Rxc5 20. Rfd1 Rxd1+ 21. Rxd1 e4 22. Kf2 Rxf5+ 23. Ke3 Ng4+ 24. Kxe4 Rf2 25. Rd7 Rxg2 26. Rxb7 Rxc2 27. Na4 Rxh2 28. b4 h5 29. Kf3 f5 30. Rb6 h4 31. Rxa6 Rf2# 0-1

[Event "Titled Tuesday intern op 02nd Aug Early"]
[White "Leenhouts, Koen"]
[Black "Olivares Olivares, Claudio"]
[Site "Chess.com INT"]
[Round "5"]
[Result "1-0"]
[Date "2022.08.02"]
[WhiteElo "2442"]
[BlackElo "2343"]
[PlyCount "81"]
[EventDate "2022.08.02"]
[EventType "swiss (blitz)"]
[EventRounds "11"]
[EventCountry "USA"]
[SourceTitle "EXT 2023"]
[Source "ChessBase"]
[SourceDate "2022.10.05"]
[SourceVersion "1"]
[SourceVersionDate "2022.10.05"]
[SourceQuality "1"]

1. d4 Nf6 2. c4 c5 3. d5 e6 4. Nc3 exd5 5. cxd5 d6 6. e4 g6 7. Nge2 Bg7 8. Ng3 0-0 9. Be2 a6 10. a4 h5 11. Bg5 Nbd7 12. 0-0 Qb6 13. Qd2 Nh7 14. Bh4 Ne5 15. f4 Ng4 16. Bxg4 hxg4 17. a5 Qb4 18. Be7 Bd7 19. Bxd6 Bd4+ 20. Kh1 Rfe8 21. e5 f5 22. e6 Bb5 23. Rfe1 Nf6 24. Nge2 Bf2 25. Rf1 g3 26. Be5 Ng4 27. Nxg3 Bxf1 28. Rxf1 Bxg3 29. hxg3 Qc4 30. Rd1 Rad8 31. Bc7 Ra8 32. Kg1 Re7 33. Bd6 Rh7 34. Qe2 Qb4 35. Be5 Qxa5 36. d6 c4 37. Rd5 Qb6+ 38. Bd4 Qc6 39. e7 Qd7 40. Qxc4 Re8 41. Rxf5+ 1-0

[Event "Titled Tuesday intern op 26th Jul Early"]
[White "Hoffmann, Asa"]
[Black "Olivares Olivares, Claudio"]
[Site "Chess.com INT"]
[Round "4"]
[Result "1-0"]
[Date "2022.07.26"]
[WhiteElo "2185"]
[BlackElo "2343"]
[PlyCount "61"]
[EventDate "2022.07.26"]
[EventType "swiss (blitz)"]
[EventRounds "11"]
[EventCountry "USA"]
[SourceTitle "EXT 2023"]
[Source "ChessBase"]
[SourceDate "2022.10.05"]
[SourceVersion "1"]
[SourceVersionDate "2022.10.05"]
[SourceQuality "1"]

1. d4 Nf6 2. Bg5 c5 3. d5 Qb6 4. Nc3 Qxb2 5. Bd2 Qb6 6. e4 d6 7. f4 Bg4 8. Be2 Bxe2 9. Qxe2 e5 10. dxe6 fxe6 11. Rb1 Qc6 12. e5 dxe5 13. fxe5 Nd5 14. Nxd5 exd5 15. Nf3 Be7 16. Bg5 Bxg5 17. Nxg5 0-0 18. Qd3 g6 19. h4 Nd7 20. e6 Ne5 21. Qe2 Rf5 22. g4 d4 23. gxf5 Qxh1+ 24. Kd2 Qxb1 25. Qxe5 d3 26. cxd3 Rd8 27. Qe4 Qxa2+ 28. Ke3 Qd5 29. Qxd5 Rxd5 30. f6 Kf8 31. Nxh7+ 1-0

[Event "Titled Tuesday intern op 26th Jul Early"]
[White "Ljukin, Sergei"]
[Black "Olivares Olivares, Claudio"]
[Site "Chess.com INT"]
[Round "7"]
[Result "0-1"]
[Date "2022.07.26"]
[WhiteElo "2362"]
[BlackElo "2343"]
[PlyCount "40"]
[EventDate "2022.07.26"]
[EventType "swiss (blitz)"]
[EventRounds "11"]
[EventCountry "USA"]
[SourceTitle "EXT 2023"]
[Source "ChessBase"]
[SourceDate "2022.10.05"]
[SourceVersion "1"]
[SourceVersionDate "2022.10.05"]
[SourceQuality "1"]

1. e4 c5 2. Nf3 d6 3. d4 cxd4 4. Nxd4 Nf6 5. Nc3 a6 6. Bg5 e6 7. f4 h6 8. Bh4 Nbd7 9. Qf3 e5 10. fxe5 Nxe5 11. Qe2 Be7 12. 0-0-0 Bg4 13. Nf3 Qa5 14. h3 Be6 15. a3 Rc8 16. Nd4 Rxc3 17. bxc3 Nc4 18. Qxc4 Bxc4 19. Bxc4 Qxc3 20. Bb3 d5 0-1

[Event "Titled Tuesday intern op 26th Jul Early"]
[White "Martin Barcelo, Carles"]
[Black "Olivares Olivares, Claudio"]
[Site "Chess.com INT"]
[Round "6"]
[Result "0-1"]
[Date "2022.07.26"]
[WhiteElo "2221"]
[BlackElo "2343"]
[PlyCount "134"]
[EventDate "2022.07.26"]
[EventType "swiss (blitz)"]
[EventRounds "11"]
[EventCountry "USA"]
[SourceTitle "EXT 2023"]
[Source "ChessBase"]
[SourceDate "2022.10.05"]
[SourceVersion "1"]
[SourceVersionDate "2022.10.05"]
[SourceQuality "1"]

1. e4 c5 2. Nf3 d6 3. g3 Nf6 4. Qe2 Nc6 5. c3 e5 6. Bg2 Be7 7. 0-0 0-0 8. Rd1 Bg4 9. h3 Bxf3 10. Qxf3 Nd7 11. h4 g6 12. Bh3 c4 13. d4 cxd3 14. Qxd3 Nc5 15. Qf3 Qb6 16. b4 Ne6 17. Bh6 Rfe8 18. Bxe6 fxe6 19. h5 Bf8 20. Be3 Qc7 21. hxg6 hxg6 22. Qg4 Qf7 23. Nd2 d5 24. Nb3 b6 25. Kg2 Bg7 26. Rd2 Rad8 27. Rad1 Rf8 28. Qe2 dxe4 29. Rxd8 Qf3+ 30. Qxf3 exf3+ 31. Kh3 Rxd8 32. Rxd8+ Nxd8 33. Kg4 e4 34. Bd4 e5 35. Be3 Kf7 36. Nd2 Ke6 37. Nxe4 Kd5 38. Kxf3 Ne6 39. Ke2 Kxe4 40. f3+ Kd5 41. Kd3 Nc7 42. c4+ Ke6 43. Ke4 Bf8 44. a3 Ne8 45. Kd3 Nf6 46. Bd2 Bd6 47. Be1 Kf5 48. Ke3 Ke6 49. g4 Bc7 50. Bh4 Ne8 51. Be1 Nd6 52. Kd3 a5 53. c5 bxc5 54. bxa5 c4+ 55. Kc2 Kd5 56. a6 Bb6 57. Bb4 Nb5 58. a4 Nc7 59. a5 Ba7 60. Be7 Nxa6 61. Bd8 Kc6 62. Kc3 Kb5 63. Bb6 Bxb6 64. axb6 Nc5 65. g5 Nb7 66. f4 exf4 67. Kd4 Nd6 0-1

[Event "Titled Tuesday intern op 26th Jul Early"]
[White "Melaugh, Shanemelaugh"]
[Black "Olivares Olivares, Claudio"]
[Site "Chess.com INT"]
[Round "2"]
[Result "1/2-1/2"]
[Date "2022.07.26"]
[WhiteElo "2093"]
[BlackElo "2343"]
[PlyCount "113"]
[EventDate "2022.07.26"]
[EventType "swiss (blitz)"]
[EventRounds "11"]
[EventCountry "USA"]
[SourceTitle "EXT 2023"]
[Source "ChessBase"]
[SourceDate "2022.10.05"]
[SourceVersion "1"]
[SourceVersionDate "2022.10.05"]
[SourceQuality "1"]

1. c4 Nf6 2. Nc3 e6 3. e4 c5 4. g3 Nc6 5. Bg2 h5 6. h3 Nd4 7. Nge2 d6 8. a3 Be7 9. b4 Rb8 10. d3 b6 11. Nxd4 cxd4 12. Nb5 e5 13. Nxa7 Bd7 14. Nb5 Qc8 15. a4 0-0 16. Bd2 Be6 17. f4 exf4 18. gxf4 Nh7 19. f5 Bh4+ 20. Kf1 Bd7 21. Nxd4 Nf6 22. Nf3 Bg3 23. Be1 h4 24. Nxh4 Be5 25. Ra2 Bc6 26. Nf3 Bf4 27. Nd4 Bb7 28. Qf3 Bh6 29. Nb5 Qc6 30. Bg3 Rbd8 31. Kg1 Rfe8 32. Kh2 Nd7 33. Nxd6 Ne5 34. Bxe5 Rxe5 35. Nxb7 Qxb7 36. Rd1 Rd4 37. a5 bxa5 38. bxa5 Qa7 39. a6 Bg5 40. Rb1 Rd7 41. Qg3 Bf6 42. Qf2 Qa8 43. a7 Re8 44. Qb6 Kh7 45. Kh1 Bd4 46. Qb5 Red8 47. c5 Rxa7 48. Rxa7 Qxa7 49. c6 f6 50. Qc4 Be5 51. Rc1 Qe3 52. Rd1 Qf4 53. Kg1 Qh2+ 54. Kf1 Qf4+ 55. Kg1 Bd4+ 56. Kh1 Be5 57. Kg1 1/2-1/2

[Event "Titled Tuesday intern op 26th Jul Early"]
[White "Olivares Olivares, Claudio"]
[Black "Guimaraes, Wagner Peixoto"]
[Site "Chess.com INT"]
[Round "3"]
[Result "1/2-1/2"]
[Date "2022.07.26"]
[WhiteElo "2343"]
[BlackElo "2195"]
[PlyCount "97"]
[EventDate "2022.07.26"]
[EventType "swiss (blitz)"]
[EventRounds "11"]
[EventCountry "USA"]
[SourceTitle "EXT 2023"]
[Source "ChessBase"]
[SourceDate "2022.10.05"]
[SourceVersion "1"]
[SourceVersionDate "2022.10.05"]
[SourceQuality "1"]

1. e4 c5 2. Nf3 Nc6 3. d4 cxd4 4. Nxd4 Nf6 5. Nc3 d6 6. Bc4 e6 7. Bb3 a6 8. Nxc6 bxc6 9. g4 Be7 10. g5 Nd7 11. h4 Nc5 12. f4 Nxb3 13. axb3 Qb6 14. Qf3 Bb7 15. Be3 c5 16. h5 0-0-0 17. Ra4 d5 18. b4 d4 19. bxc5 Bxc5 20. Rc4 dxe3 21. Qxe3 Qxb2 22. Qxc5+ Kb8 23. Rb4 Qc1+ 24. Kf2 Rd2+ 25. Ne2 Qxh1 26. Rxb7+ Kxb7 27. Qb4+ Ka8 28. Qxd2 Qxh5 29. Qd6 Qh2+ 30. Ke3 Qh3+ 31. Kd2 Rc8 32. Qxa6+ Kb8 33. Qb6+ Ka8 34. Qa5+ Kb8 35. Nd4 Qg2+ 36. Kd3 Qg3+ 37. Kd2 Qxf4+ 38. Kd3 Qc7 39. Qb4+ Qb7 40. Nb5 Rd8+ 41. Ke3 Rc8 42. c4 Qb6+ 43. Kf3 Qc5 44. Qa5 Rc6 45. Qd8+ Kb7 46. Qd7+ Kb8 47. Qd8+ Kb7 48. Qd7+ Kb8 49. Qd8+ 1/2-1/2

[Event "Titled Tuesday intern op 26th Jul Early"]
[White "Olivares Olivares, Claudio"]
[Black "Omariev, Maksim"]
[Site "Chess.com INT"]
[Round "10"]
[Result "0-1"]
[Date "2022.07.26"]
[WhiteElo "2343"]
[BlackElo "2304"]
[PlyCount "80"]
[EventDate "2022.07.26"]
[EventType "swiss (blitz)"]
[EventRounds "11"]
[EventCountry "USA"]
[SourceTitle "EXT 2023"]
[Source "ChessBase"]
[SourceDate "2022.10.05"]
[SourceVersion "1"]
[SourceVersionDate "2022.10.05"]
[SourceQuality "1"]

1. e4 c5 2. Nf3 d6 3. d4 cxd4 4. Nxd4 Nf6 5. Nc3 a6 6. Bc4 e6 7. Bb3 b5 8. a3 Nbd7 9. g4 Nc5 10. Qe2 Bb7 11. f3 Nxb3 12. cxb3 Be7 13. h4 Rc8 14. h5 Nd7 15. b4 Bh4+ 16. Kf1 Nb6 17. Qg2 Bf6 18. Nde2 d5 19. g5 Bxc3 20. Nxc3 dxe4 21. fxe4 0-0 22. h6 g6 23. Be3 Nc4 24. Bc5 Rxc5 25. Qf2 Rxg5 26. Rd1 Qe7 27. Rh3 f5 28. e5 Nxe5 29. Qd4 Nf3 30. Qb6 Rg1+ 31. Kf2 Rxd1 32. Nxd1 Ng5 33. Rh2 Ne4+ 34. Ke1 f4 35. Nf2 Nxf2 36. Rxf2 f3 37. Qd4 e5 38. Qb6 e4 39. Rc2 e3 40. Rc7 f2+ 0-1

[Event "Titled Tuesday intern op 26th Jul Early"]
[White "Vifleemskaia, Svetlana"]
[Black "Olivares Olivares, Claudio"]
[Site "Chess.com INT"]
[Round "11"]
[Result "1/2-1/2"]
[Date "2022.07.26"]
[WhiteElo "1926"]
[BlackElo "2343"]
[PlyCount "132"]
[EventDate "2022.07.26"]
[EventType "swiss (blitz)"]
[EventRounds "11"]
[EventCountry "USA"]
[SourceTitle "EXT 2023"]
[Source "ChessBase"]
[SourceDate "2022.10.05"]
[SourceVersion "1"]
[SourceVersionDate "2022.10.05"]
[SourceQuality "1"]

1. d4 Nf6 2. c4 e6 3. Nc3 d5 4. cxd5 exd5 5. Bg5 h6 6. Bh4 c6 7. e3 Bf5 8. Qf3 Bg6 9. Bxf6 gxf6 10. h4 h5 11. Nh3 Nd7 12. Nf4 Bd6 13. Nxg6 fxg6 14. Bd3 f5 15. 0-0-0 Nf6 16. Kb1 b5 17. Ne2 0-0 18. Nf4 Bxf4 19. Qxf4 Qb8 20. Qh6 Kf7 21. f3 Qg3 22. Qf4 Qxf4 23. exf4 Rfe8 24. Rhe1 Rxe1 25. Rxe1 Re8 26. Re5 Nd7 27. Rxe8 Kxe8 28. Kc2 Ke7 29. Kd2 a5 30. b3 Nf8 31. Ke3 Ne6 32. g4 Kf6 33. Be2 b4 34. gxh5 gxh5 35. Ba6 Nc7 36. Bb7 Nb5 37. Bxc6 Nc3 38. Bb7 Ke7 39. Bc8 Kf6 40. Bb7 Kf7 41. Bc8 Nxa2 42. Bxf5 Nc3 43. Bd7 Kf6 44. Be8 Ke7 45. Bxh5 a4 46. bxa4 Nxa4 47. Kd2 Nc3 48. Bg6 Kf6 49. Bc2 Nb5 50. Kd3 Kg6 51. Bb3 Nc7 52. Bc2 Kh5 53. Ke3 Kxh4 54. Bf5 Kh5 55. Bd7 Kh6 56. f5 Kg5 57. f4+ Kf6 58. Kd3 Na8 59. Kc2 Nb6 60. Bc6 Kxf5 61. Kb3 Kxf4 62. Kxb4 Ke3 63. Kc5 Nc4 64. Bxd5 Nd2 65. Bc6 Nb3+ 66. Kc4 Nxd4 1/2-1/2

[Event "San Pedro de la Paz-A"]
[White "Farfan Ortiz, Victor"]
[Black "Olivares Olivares, Claudio"]
[Site "San Pedro de la Paz"]
[Round "7"]
[Result "1-0"]
[Date "2022.03.12"]
[WhiteElo "2099"]
[BlackElo "2380"]
[PlyCount "97"]
[EventDate "2022.03.07"]
[EventType "tourn"]
[EventRounds "9"]
[EventCountry "CHI"]
[SourceTitle "CBM 207 Extra"]
[Source "ChessBase"]
[SourceDate "2022.05.31"]
[SourceVersion "1"]
[SourceVersionDate "2022.05.31"]
[SourceQuality "1"]

1. Nf3 Nf6 2. c4 e6 3. Nc3 c5 4. e3 b6 5. d4 cxd4 6. exd4 Bb7 7. Bd3 Be7 8. 0-0 0-0 9. d5 Na6 10. Bf4 d6 11. dxe6 fxe6 12. Ng5 Nc5 13. Re1 Qc8 14. Bg3 Qc6 15. Bf1 e5 16. b4 Ncd7 17. Qb3 Kh8 18. Rad1 Nh5 19. Nge4 Ndf6 20. Nxf6 Bxf6 21. Nd5 Bg5 22. Re4 Nf6 23. Nxf6 Rxf6 24. f3 Raf8 25. Bh4 Bxh4 26. Rxh4 b5 27. Qe3 bxc4 28. Rxc4 Qa4 29. Rdc1 e4 30. Rc7 Bd5 31. Qg5 Bf7 32. Bc4 h6 33. Qg4 Qa3 34. Bxf7 Qe3+ 35. Kh1 R6xf7 36. R7c3 Qe2 37. R3c2 Qd3 38. Rc3 Qd5 39. Rf1 Qb5 40. Rb1 d5 41. h3 d4 42. Rc5 Qe2 43. Qxe4 Qxa2 44. Ra5 Qd2 45. Rd5 Rf4 46. Qe1 Qa2 47. Rd7 R4f7 48. Ra1 Qc2 49. Rxf7 1-0

[Event "San Pedro de la Paz-A"]
[White "Gomez Barrera, Javiera Belen"]
[Black "Olivares Olivares, Claudio"]
[Site "San Pedro de la Paz"]
[Round "2"]
[Result "1/2-1/2"]
[Date "2022.03.08"]
[WhiteElo "2199"]
[BlackElo "2380"]
[PlyCount "122"]
[EventDate "2022.03.07"]
[EventType "tourn"]
[EventRounds "9"]
[EventCountry "CHI"]
[SourceTitle "CBM 207 Extra"]
[Source "ChessBase"]
[SourceDate "2022.05.31"]
[SourceVersion "1"]
[SourceVersionDate "2022.05.31"]
[SourceQuality "1"]

1. e4 c5 2. Nf3 d6 3. d4 cxd4 4. Nxd4 Nf6 5. Nc3 a6 6. Be3 e5 7. Nb3 Be6 8. f3 Nbd7 9. g4 Nb6 10. Qd2 Be7 11. 0-0-0 0-0 12. Kb1 Nfd7 13. Nd5 Bxd5 14. exd5 Qc7 15. Na5 Rfc8 16. c4 Bd8 17. g5 Na4 18. Nb3 f5 19. h4 Nf8 20. Qd3 f4 21. Bg1 b6 22. Bh3 Rcb8 23. Rh2 Nc5 24. Qc2 a5 25. Bf1 Qe7 26. Nd2 a4 27. Ne4 Nxe4 28. Qxe4 Qe8 29. Bh3 Ra7 30. Rc1 Kh8 31. Bf2 Rc7 32. Be1 b5 33. c5 Rxc5 34. Rxc5 dxc5 35. d6 b4 36. Re2 Qb5 37. Bf5 Nd7 38. Bxd7 Qxd7 39. Qxe5 Bc7 40. Rd2 Bb6 41. Re2 Qb5 42. Qe4 Rg8 43. Bf2 c4 44. Bxb6 Qxb6 45. Qxc4 Qxd6 46. Re1 a3 47. Rc1 Qd2 48. Qc2 Qe3 49. Qb3 Qf2 50. h5 axb2 51. Qxb2 Qxf3 52. h6 Qe4+ 53. Ka1 Qe7 54. g6 Re8 55. hxg7+ Qxg7 56. Rh1 Qxb2+ 57. Kxb2 f3 58. gxh7 f2 59. Rf1 Re3 60. Kc2 Kxh7 61. Kd1 Ra3 1/2-1/2